000 01251cam a22002055a 4500
001 L156885
008 120727s2012 xxk f 000 0 eng d
035 _a(Sirsi) u156885
041 0 _aeng
100 1 _aHeywood, Andrew
245 0 0 _aLondon for sale?
_bAn assessment of the private housing market in London and the impact of growing overseas investment
_h[electronic resource]
260 _aLondon
_bSmith Institute
_c2012
260 _aLondon
_cFuture of London
_c2012
520 _aConsiders the effect on affordability issues of the large increase in overseas investment in the private sector housing at the prime and high end of the market is having on the London residential market. 60% of all new build homes are purchased by overseas investors with 5 billion pounds being invested in luxury homes, five times more than annual investment on affordable homes and a third of loans made for home loans. Calls for investment in the affordable homes sector rather than in the luxury sector.
590 _aKA NTK
651 4 _aLondon
690 _aResidential property
_96266
856 4 0 _uhttps://www.smith-institute.org.uk/file/London%20for%20Sale.pdf
_zView the item free of charge from the www.smith-institute.org.uk website
942 _n0
999 _c114471
_d114471